| 000 | 01287nam a22003377a 4500 | ||
|---|---|---|---|
| 999 |
_c27969 _d27940 |
||
| 003 | EG-ScBUE | ||
| 005 | 20200128101856.0 | ||
| 008 | 200127s2011 cc ao f 000 0 ara d | ||
| 020 | _a9787508520544 | ||
| 040 |
_aEG-ScBUE _bara _erda _cEG-ScBUE _dEG-ScBUE |
||
| 041 | 1 |
_aara _hchi |
|
| 043 | _aa-cc--- | ||
| 082 | 0 | 4 |
_a780.951 _bج ي ي _222 |
| 100 | 1 |
_aجي، جين، _eمؤلف. |
|
| 245 | 1 | 2 |
_aالموسيقى الصينية / _cجين جي ؛ ترجمة لي بي (نفيسة) |
| 264 | 1 |
_aالصين : _bدار النشر الصينية عبر القارات، _c2011. |
|
| 300 |
_a121 صفحة : _bإيضاحيات، صور ؛ _c24 سم. |
||
| 336 |
_2rdacontent _aنص _btxt |
||
| 337 |
_2rdamedia _aبدون وسيط _bn |
||
| 338 |
_2rdacarrier _aمجلد _bnc |
||
| 490 | 0 | _aسلسلة الصين الثقافية | |
| 500 | _aيشتمل على ملاحق. | ||
| 541 |
_aالمركز الثقافي الصيني بالقاهرة ؛ _cإهداء |
||
| 546 | _aالنص باللغة العربية وقد تم ترجمته من اللغة الصينية. | ||
| 650 | 7 |
_aالموسيقى الصينية. _2BUEsh |
|
| 651 | _2BUEsh | ||
| 653 |
_bAAHHCHINA _cJanuary2020 |
||
| 655 | _vReading book | ||
| 700 | 1 |
_aبي، لي، _cنفيسة، _eمترجم. |
|
| 942 | _2ddc | ||